Washington University Law Review

Detalles Bibliográficos
Formato: eBook
Lenguaje:inglés
Publicado: Washington : Washington University, School of Law, 2010 -
Materias:
Acceso en línea:Acceso restringido

MARC

LEADER 00000nam a22000007a 4500
005 20140505171853.0
007 cr|||| ||||
008 140505c20109999us |||| s|||| 0|||a1eng d
035 |a 6033 
040 |a vLex 
090 |c 4912  |d 4912 
245 0 0 |a Washington University Law Review  |h [Recurso electrn̤ico]  
256 |a Servicio en ln̕ea 
260 |a Washington :  |b Washington University, School of Law,  |c 2010 - 
300 |a 1 recurso electrn̤ico 
310 |a Irregular 
362 |a Nm︢. 1 (2010) - 
506 1 |a Contenido solo disponible en los productos indicados:  |d vLex Global  |d vLex Global (Academic Edition, excluding Law Schools)  |d vLex Global (U.S. Academic Edition, excluding Law Schools) 
650 0 4 |a Derecho administratiu  |z Estados Unidos 
740 0 |a vLex Revistas (Servicio en ln̕ea) 
856 4 0 |u http://vlex.com/source/washington-university-law-review-6033  |z Acceso restringido 
942 |c REV 
999 0 |a Administrative law